000 00294nam a22001337a 4500
008 171014b xxu||||| |||| 00| 0 eng d
020 _a9788129702340
041 _aeng
080 _a33
100 _a52
101 _aEKO
245 _aINTERNATIONAL ECONOMICS
_cKRUGMAN, P.R
942 _2udc
_cBK
999 _c33976
_d33976